000 00653nas a2200217 4500
001 BR8304429
003 BR-BrBNA
005 20231205085652.0
007 ta
008 230509b bl.|||p| |||| 00| 00por d
040 _aBR-BrBNA
_bpor
_cBiblioteca Nacional de Agricultura
041 _a(Pt)
072 _aP05
100 1 _aGryschek, J.M.
245 1 _aGas metano, opcao energetica para media e larga escala
650 _aMETANO
650 _aRECURSO ENERGETICO
773 0 _tRevista de Mecanizacao Rural (Brazil)
_xISSN 0101-8817
_g(Jun-Sep 1983), v. 3(17) p. 22-27
_wBR8304429
909 _a202311
_bLúcia
_c55
_dLúcia Elande
942 _2AGRIS
_n0
_cANA
999 _c112939
_d112939